| 000 | 00404nam a2200133Ia 4500 | ||
|---|---|---|---|
| 008 | 231129s9999||||xx |||||||||||||| ||spa|| | ||
| 020 | _a958-9003-23-0 | ||
| 040 | _bspa | ||
| 082 | _aCo861 C311v | ||
| 100 | _aCarranza Eduardo | ||
| 245 | 0 | _aVision estelar de la poesia colombiana | |
| 264 | _aFondo de Promocion de la Cultura del Banco Popular | ||
| 942 |
_2ddc _cBKS |
||
| 999 |
_c26352 _d26352 |
||